Figure Skating Olympic Gold Medalists - Statistics

General Stats
  • This quiz has been taken 139 times
  • The average score is 7 of 10
Answer Stats
Hint Answer % Correct
Russia Anna Shcherbakova
91%
USA Nathan Chen
88%
Japan Yuzuru Hanyu
87%
Japan Yuzuru Hanyu
87%
Russia Alina Zagitova
83%
South Korea Yuna Kim
82%
Russia Adelina Sotnikova
60%
Russia Evgeni Plushenko
57%
Japan Shizuka Arakawa
34%
USA Evan Lysacek
29%
No matching quizzes found
Score Distribution
Percent of People with Each Score
Percentile by Number Answered
Your Score History
You have not taken this quiz